GATEComputer Science and information 2020: (Record no. 172495)
[ view plain ]
| 000 -LEADER | |
|---|---|
| fixed length control field | 00550nam a22001697a 4500 |
| 005 - DATE AND TIME OF LATEST TRANSACTION | |
| control field | 20200206120120.0 |
| 010 ## - LCCN (DPL NO) | |
| LC control number | ENG-127659 |
| 020 ## - INTERNATIONAL STANDARD BOOK NUMBER | |
| International Standard Book Number | 9789353433949 |
| Terms of availability | 799.00 |
| 035 ## - SYSTEM CONTROL NUMBER | |
| System control number | EN-111191 |
| 037 ## - SOURCE OF ACQUISITION | |
| Source of stock number/acquisition | DBAD/PUB |
| 082 ## - DEWEY DECIMAL CLASSIFICATION NUMBER | |
| Classification number | 004 |
| 245 ## - TITLE STATEMENT | |
| Title | GATEComputer Science and information 2020: |
| Statement of responsibility, etc | graduate aptitude test in engineering/ |
| 260 ## - PUBLICATION, DISTRIBUTION, ETC. (IMPRINT) | |
| Place of publication, distribution, etc | Noida |
| Name of publisher, distributor, etc | Pearson |
| Date of publication, distribution, etc | 2019 |
| 270 ## - ADDRESS | |
| City | Noida |
| Address | 15th floor,Tower-B,World Trade Tower,plot no.1,Block-c,sector 16 |
| Postal code | 201301 |
| 300 ## - PHYSICAL DESCRIPTION | |
| Extent | various pages |
| Other physical details | 25cm(pbk) |
| 942 ## - ADDED ENTRY ELEMENTS (KOHA) | |
| Source of classification or shelving scheme | Dewey Decimal Classification |
| Item type | English Books |
| Classification part | 004 |
| Call number suffix | COM |
| Withdrawn status | Lost status | Not for loan | Collection code | Home library | Current library | Date acquired | Source of acquisition | Cost, normal purchase price | Full call number | Barcode | Copy number | Cost, replacement price | Koha item type |
|---|---|---|---|---|---|---|---|---|---|---|---|---|---|
| Non-fiction | Sarojini Nagar | Sarojini Nagar | 06/02/2020 | DBAD/PUB | 799.00 | 004 COM | EN-111191 | 1 | 799.00 | English Books |
